The priesthood of Melchizedek/ (Record no. 8221)

MARC details
000 -LEADER
fixed length control field 00557nam a22001937a 4500
003 - CONTROL NUMBER IDENTIFIER
control field GBCCL
005 - DATE AND TIME OF LATEST TRANSACTION
control field 20241126110645.0
008 - FIXED-LENGTH DATA ELEMENTS--GENERAL INFORMATION
fixed length control field 190723b ||||| |||| 00| 0 eng d
020 ## - INTERNATIONAL STANDARD BOOK NUMBER
International Standard Book Number 1877607223
020 ## - INTERNATIONAL STANDARD BOOK NUMBER
International Standard Book Number 9781877607226
040 ## - CATALOGING SOURCE
Transcribing agency GBC
082 ## - DEWEY DECIMAL CLASSIFICATION NUMBER
Classification number 231.1
Item number VAN
100 ## - MAIN ENTRY--PERSONAL NAME
Personal name Van Schouwen, Cornelius
9 (RLIN) 14309
245 ## - TITLE STATEMENT
Title The priesthood of Melchizedek/
Statement of responsibility, etc. by Cornelius Van Schouwen.
260 ## - PUBLICATION, DISTRIBUTION, ETC.
Place of publication, distribution, etc. Lansing, IL :
Name of publisher, distributor, etc. Redeemer Books,
Date of publication, distribution, etc. ©1989.
300 ## - PHYSICAL DESCRIPTION
Extent [3], 57 pages ;
Other physical details 20 cm
650 ## - SUBJECT ADDED ENTRY--TOPICAL TERM
Topical term or geographic name entry element Melchizedek, -- King of Salem.
9 (RLIN) 14310
942 ## - ADDED ENTRY ELEMENTS (KOHA)
Source of classification or shelving scheme Dewey Decimal Classification
Koha item type Books
Holdings
Withdrawn status Lost status Source of classification or shelving scheme Damaged status Not for loan Home library Current Library Shelving location Date acquired Total checkouts Full call number Barcode Date last seen Date last checked out Copy number Price effective from Koha item type
    Dewey Decimal Classification     GRACE BIBLE COLLEGE GRACE BIBLE COLLEGE Theology 2019-07-23 1 231.1 VAN 004362 2026-01-20 2026-01-16 c.1 2019-07-23 Books
© Grace Bible College Library 2025